|
|
|
|
| LEADER |
01694nam a2200469 i 4500 |
| 001 |
EBC1474428 |
| 003 |
MiAaPQ |
| 005 |
20200520144314.0 |
| 006 |
m o d | |
| 007 |
cr cnu|||||||| |
| 008 |
131113r20031974enk o 001 0 eng|d |
| 020 |
|
|
|z 0415313821
|
| 020 |
|
|
|z 0415313791
|
| 020 |
|
|
|z 9780415313827
|
| 020 |
|
|
|a 9781315016870
|q (electronic bk.)
|
| 035 |
|
|
|a (MiAaPQ)EBC1474428
|
| 035 |
|
|
|a (Au-PeEL)EBL1474428
|
| 035 |
|
|
|a (CaPaEBR)ebr10786459
|
| 035 |
|
|
|a (CaONFJC)MIL530848
|
| 035 |
|
|
|a (OCoLC)862049058
|
| 040 |
|
|
|a MiAaPQ
|b eng
|e rda
|e pn
|c MiAaPQ
|d MiAaPQ
|
| 050 |
|
4 |
|a HD5650
|b .I53 2003
|
| 082 |
0 |
|
|a 351
|
| 245 |
0 |
0 |
|a Industry's democratic revolution /
|c edited by Charles Levinson.
|
| 264 |
|
1 |
|a London :
|b Routledge,
|c 2003.
|
| 300 |
|
|
|a 1 online resource (351 pages)
|
| 336 |
|
|
|a text
|2 rdacontent
|
| 337 |
|
|
|a computer
|2 rdamedia
|
| 338 |
|
|
|a online resource
|2 rdacarrier
|
| 440 |
|
0 |
|a Routledge library editions.
|p Economics
|
| 490 |
1 |
|
|a Labour economics and industrial relations
|
| 500 |
|
|
|a First published in 1974.
|
| 500 |
|
|
|a Includes index.
|
| 588 |
|
|
|a Description based on online resource; title from PDF title page (ebrary, viewed November 13, 2013).
|
| 590 |
|
|
|a Electronic reproduction. Ann Arbor, MI : ProQuest, 2015. Available via World Wide Web. Access may be limited to ProQuest affiliated libraries.
|
| 650 |
|
0 |
|a Management
|x Employee participation.
|
| 650 |
|
0 |
|a Industrial sociology.
|
| 650 |
|
0 |
|a Labor unions.
|
| 655 |
|
4 |
|a Electronic books.
|
| 700 |
1 |
|
|a Levinson, Charles.
|
| 797 |
2 |
|
|a ProQuest (Firm)
|
| 856 |
4 |
0 |
|u https://ebookcentral.proquest.com/lib/matrademy/detail.action?docID=1474428
|z Click to View
|